Guess the 1970s song lyrics #140 - Statistics

General Stats
  • This quiz has been taken 22 times
  • The average score is 230 of 356
Answer Stats
Answer % Correct
a
95%
A
95%
I
95%
the
95%
You
95%
you
95%
And
89%
and
89%
in
89%
In
89%
love
89%
be
84%
it's
84%
my
84%
to
84%
To
84%
when
84%
your
84%
are
79%
me
79%
on
79%
On
79%
that
79%
There
79%
you're
79%
all
74%
then
74%
Then
74%
With
74%
with
74%
Can
68%
for
68%
is
68%
know
68%
night
68%
of
68%
Of
68%
up
68%
Well
68%
will
68%
can't
63%
come
58%
eyes
58%
how
58%
I'm
58%
just
58%
more
58%
one
58%
One
58%
some
58%
want
58%
have
53%
leaves
53%
make
53%
moondance
53%
time
53%
heart
47%
into
47%
stars
47%
dreams
42%
has
42%
marvelous
42%
night's
42%
now
42%
right
42%
romance
42%
trees
42%
alone
37%
arms
37%
dear
37%
every
37%
falling
37%
much
37%
never
37%
shine
37%
sure
37%
til
37%
true
37%
wait
37%
above
32%
La
32%
la
32%
low
32%
magic
32%
October
32%
own
32%
run
32%
seems
32%
skies
32%
sound
32%
tonight
32%
touch
32%
blow
26%
breezes
26%
cover
26%
hide
26%
hush
26%
moonlight
26%
morning
26%
soft
26%
tremble
26%
whisper
26%
blush
21%
calling
21%
fantabulous
21%
inside
21%
Neath
21%
play
21%
straight
21%
strings
21%
trying
21%
waiting
16%
please
11%
No matching quizzes found
Score Distribution
Percent of People with Each Score
Percentile by Number Answered
Your Score History
You have not taken this quiz